000 00366nam a22001457a 4500
005 20160118105025.0
008 160118b xxu||||| |||| 00| 0 eng d
040 _cPK-LaUMT
082 _aAMC 967.6104
_bWIL-N
100 _aWilliam Stevenson
245 _a90 minutes at entebbe
_cWilliam Stevenson
260 _aNew York
_b[ ]
_c[ ]
300 _a216 p.
942 _cBK
999 _c81851
_d81851